Thailand's crisis (Record no. 22178)

MARC details
000 -LEADER
fixed length control field 00406nam a2200157Ia 4500
082 ## - DEWEY DECIMAL CLASSIFICATION NUMBER
Classification number 959.3 PHO-T
100 ## - MAIN ENTRY--AUTHOR NAME
Personal name Phongpaichit, Pasuk
245 #0 - TITLE STATEMENT
Title Thailand's crisis
260 ## - PUBLICATION, DISTRIBUTION, ETC. (IMPRINT)
Place of publication Singapore
Name of publisher ISEAS
Year of publication 2000
300 ## - PHYSICAL DESCRIPTION
Number of Pages viii, 274
504 ## - BIBLIOGRAPHY, ETC. NOTE
Bibliography, etc includes bibliography and index
650 ## - SUBJECT ADDED ENTRY--TOPICAL TERM
Topical Term Thailand
Form subdivision Economic policy
650 ## - SUBJECT ADDED ENTRY--TOPICAL TERM
Topical Term Thailand
Form subdivision Politics and government
700 ## - ADDED ENTRY--PERSONAL NAME
Personal name Baker, Chris
942 ## - ADDED ENTRY ELEMENTS (KOHA)
Koha item type Books
Holdings
Withdrawn status Lost status Damaged status Not for loan Collection code Home library Current library Date acquired Bill Date Full call number Accession Number Price effective from Koha item type
        Docas Books NASSDOC Library NASSDOC Library 06/09/2016 2004-10-22 959.3 PHO-T D001211 18/04/2019 Books